Central Library OPAC University of Rajshahi

Valerius Flaccus / (Record no. 23315)

MARC details
000 -LEADER
fixed length control field 00967cam a2200277 a 4500
001 - CONTROL NUMBER
control field 23315
003 - CONTROL NUMBER IDENTIFIER
rucl marc code BD-RjUL
005 - DATE AND TIME OF LATEST TRANSACTION
control field 20211209000921.0
008 - FIXED-LENGTH DATA ELEMENTS--GENERAL INFORMATION
fixed length control field 140310r19361934enk b 001 0 lat d
035 ## - SYSTEM CONTROL NUMBER
System control number (BD-RjUL)23380
040 ## - CATALOGING SOURCE
Original cataloging agency DLC
Language of cataloging eng
Transcribing agency DLC
Modifying agency BD-RJUL
041 1# - LANGUAGE CODE
Language code of text/sound track or separate title lat
-- eng
Language code of original lat
082 04 - DEWEY DECIMAL CLASSIFICATION NUMBER
Classification number 851.1
Author mark and year VAV 1936
100 1# - MAIN ENTRY--PERSONAL NAME
Personal name Valerius Flaccus, Gaius,
Dates associated with a name active 1st century.
9 (RLIN) 71841
245 10 - TITLE STATEMENT
Title Valerius Flaccus /
Statement of responsibility, etc. with an English translation by J.H. Mozley.
250 ## - EDITION STATEMENT
Edition statement Rev. ed.
260 ## - PUBLICATION, DISTRIBUTION, ETC. (IMPRINT)
Place of publication, distribution, etc. London ;
Name of publisher, distributor, etc. Heinemann ;
Place of publication, distribution, etc. Cambridge, Mass. :
Name of publisher, distributor, etc. Harvard University Press,
Date of publication, distribution, etc. 1934 [reprinted 1936].
300 ## - PHYSICAL DESCRIPTION
Pagination xxi, 458 p. ;
Size 17 cm.
500 ## - GENERAL NOTE
General note First printed, 1934. Revised and reprinted, 1936
504 ## - BIBLIOGRAPHY, ETC. NOTE
Bibliography, etc Includes bibliographical references (p. xxi) and index.
650 #0 - SUBJECT ADDED ENTRY--TOPICAL TERM
Topical term or geographic name as entry element Argonauts (Greek mythology)
9 (RLIN) 71842
700 1# - ADDED ENTRY--PERSONAL NAME
Personal name Mozley, J. H.
Fuller form of name (John Henry)
830 #0 - SERIES ADDED ENTRY--UNIFORM TITLE
Uniform title Loeb classical library.
942 ## - ADDED ENTRY ELEMENTS (KOHA)
Source of classification or shelving scheme Dewey Decimal Classification
Koha item type Books
Holdings
Lost status Source of classification or shelving scheme Damaged status Not for loan Collection code Permanent Location Current Location Shelving location Date acquired Source of acquisition Cost, normal purchase price Total Checkouts Full call number Date last seen Copy number Koha item type
  Dewey Decimal Classification   Added to bundle Fiction Central Library, University of Rajshahi Central Library, University of Rajshahi Reading Room 10/03/1955 simpkin marshall 15.00   851.1 VAV 1936 10/03/2014 C-1 Books